Lokacje w Gorzowie Wielkopolskim – Quiz na mapie - Statystyki

Ogólne statystyki
  • Ten quiz został rozwiązany 201 razy
    84 od ostatniego zresetowania
  • Średni wynik to 7 z 12
Odpowiedzi na mapie
Odpowiedzi zakodowano w zielono-czerwonej skali na mapie do tego quizu, zgodnie z poniższymi procentami.
 
Statystyki odpowiedzi
Odpowiedź % Poprawnych
Centrum Sportowo-Rehabilitacyjne Słowianka
80%
Arena Gorzów
74%
NoVa Park
72%
Katedra pw. Wniebowzięcia Najświętszej Maryi Panny
69%
Stadion im. Edwarda Jancarza
69%
Filharmonia Gorzowska
66%
Dominanta
59%
Dworzec Gorzów Wielkopolski
57%
Galeria Askana
56%
Teatr im. Juliusza Osterwy
48%
Stadion Stilonu Gorzów Wielkopolski
46%
Park Wiosny Ludów (Park Róż)
44%
Nie znaleziono quizów pasujących do podanych kryteriów
Rozkład punktacji
Procent ludzi z każdym wynikiem
Percentyl według liczby udzielonych odpowiedzi
Twoja historia wyników
Nie rozwiązałeś tego quizu od ostatniego zresetowania